Orchitis granulomatosa (malakoplakia?)
Elmentve itt :
| Szerzők: | |
|---|---|
| Dokumentumtípus: | Cikk |
| Megjelent: |
1980
|
| Sorozat: | Kolligátum
|
| Kulcsszavak: | Malakoplakia, Gyulladás, Urológia |
| Online Access: | http://misc.bibl.u-szeged.hu/26558 |
| LEADER | 00594nab a2200181 i 4500 | ||
|---|---|---|---|
| 001 | misc26558 | ||
| 005 | 20191108145853.0 | ||
| 008 | 170918s1980 hu o 0|| zxx d | ||
| 040 | |a SZTE Miscellanea Repozitórium |b hun | ||
| 041 | |a zxx | ||
| 100 | 1 | |a Jármay Katalin | |
| 245 | 1 | 0 | |a Orchitis granulomatosa (malakoplakia?) |h [elektronikus dokumentum] / |c Jármay Katalin |
| 260 | |c 1980 | ||
| 300 | |a 2647-2654 | ||
| 490 | 0 | |a Kolligátum | |
| 695 | |a Malakoplakia, Gyulladás, Urológia | ||
| 700 | 0 | 1 | |a Kuthy Enikő |e aut |
| 856 | 4 | 0 | |u http://misc.bibl.u-szeged.hu/26558/1/019_008_2647-2654.pdf |z Dokumentum-elérés |